Loading...
| History - World History | 2 | 4 | 0 | 2 | 70 | 67 | 90.67 | 2 | 6 |
| Arts - Other Arts | 1 | 4 | 0 | 1 | 55 | 29 | 91.40 | 1 | 5 |
| Other - Geo/CE | 2 | 3 | 2 | 1 | 50 | 33 | 82.60 | 1 | 5 |
| Thought - Philosophy | 2 | 2 | 1 | 1 | 45 | 51 | 81.00 | 3 | 4 |
| History - Other History | 1 | 3 | 2 | 0 | 35 | 27 | 77.25 | 1 | 4 |
| History - Euro History | 1 | 3 | 2 | 0 | 35 | 54 | 83.00 | 2 | 4 |
| Beliefs - Religion | 0 | 3 | 0 | 0 | 30 | 98 | 101.33 | 1 | 3 |
| Other - Pop Culture | 0 | 3 | 1 | 1 | 25 | 78 | 106.00 | 0 | 3 |
| History - American History | 0 | 2 | 0 | 2 | 20 | 133 | 134.00 | 0 | 2 |
| Thought - Social Science | 1 | 1 | 2 | 0 | 15 | 56 | 77.00 | 2 | 2 |
| Beliefs - Mythology | 1 | 0 | 0 | 0 | 15 | 73 | 73.00 | 1 | 1 |
| Literature - Euro Lit | 0 | 1 | 0 | 0 | 10 | 100 | 100.00 | 0 | 1 |
| Arts - Music | 0 | 1 | 0 | 0 | 10 | 113 | 113.00 | 1 | 1 |
| Other - Other Academic | 0 | 1 | 2 | 0 | 0 | 93 | 93.00 | 1 | 1 |
| Literature - British Lit | 0 | 0 | 0 | 0 | 0 | 0.00 | 0 | 0 |